Khoa học Đại học Văn Hiến = Van Hien University Journal of science

Kaydedildi:
Detaylı Bibliyografya
Materyal Türü: Kitap
Dil:Undetermined
Baskı/Yayın Bilgisi: Thành phố Hồ Chí Minh Trường Đại học Văn Hiến 2019
Konular:
Etiketler: Etiketle
Etiket eklenmemiş, İlk siz ekleyin!
Thư viện lưu trữ: Trung tâm Học liệu Trường Đại học Cần Thơ
LEADER 00574nam a2200181Ia 4500
001 CTU_233236
008 210402s9999 xx 000 0 und d
082 |a 370 
082 |b Kh401 
245 0 |a Khoa học Đại học Văn Hiến = 
245 0 |b Van Hien University Journal of science 
245 0 |c Trường Đại học Văn Hiến 
260 |a Thành phố Hồ Chí Minh 
260 |b Trường Đại học Văn Hiến 
260 |c 2019 
650 |a Education 
904 |i T.Trang 
980 |a Trung tâm Học liệu Trường Đại học Cần Thơ